Teaching the spoken language: an approach based on the analysis of conversational English (Record no. 59500)

MARC details
000 -LEADER
fixed length control field 01040nam a2200253 a 4500
008 - FIXED-LENGTH DATA ELEMENTS--GENERAL INFORMATION
fixed length control field 120416s1983 ||||||||||||||||| || u
020 ## - INTERNATIONAL STANDARD BOOK NUMBER
International Standard Book Number 0521253772
020 ## - INTERNATIONAL STANDARD BOOK NUMBER
International Standard Book Number 0521273846
020 ## - INTERNATIONAL STANDARD BOOK NUMBER
International Standard Book Number 0521253780
050 ## - LIBRARY OF CONGRESS CALL NUMBER
Classification number PE 1011 Bro
100 ## - MAIN ENTRY--PERSONAL NAME
Personal name Brown, Gillian
245 10 - TITLE STATEMENT
Title Teaching the spoken language: an approach based on the analysis of conversational English
260 ## - PUBLICATION, DISTRIBUTION, ETC.
Place of publication, distribution, etc. Cambridge:
Name of publisher, distributor, etc. Cambridge University Press
Date of publication, distribution, etc. 1983
300 ## - PHYSICAL DESCRIPTION
Extent xi, 162 p.: ill.
350 ## - PRICE (NR) (BK AM CF MU VM SE) [OBSOLETE]
Price 0.00
490 ## - SERIES STATEMENT
Series statement Cambridge language teaching library
500 ## - GENERAL NOTE
General note Includes index. -Bibliography: p. 160-161.
650 ## - SUBJECT ADDED ENTRY--TOPICAL TERM
Topical term or geographic name entry element ENGLISH LANGUAGE--STUDY AND TEACHING--FOREIGN SPEAKERS
650 ## - SUBJECT ADDED ENTRY--TOPICAL TERM
Topical term or geographic name entry element ENGLISH LANGUAGE--SPOKEN ENGLISH
700 ## - ADDED ENTRY--PERSONAL NAME
Personal name Yule, George, 1947-
856 ## - ELECTRONIC LOCATION AND ACCESS
Uniform Resource Identifier <a href="http://www.loc.gov/catdir/description/cam022/83015349.html">http://www.loc.gov/catdir/description/cam022/83015349.html</a>
856 ## - ELECTRONIC LOCATION AND ACCESS
Uniform Resource Identifier <a href="http://www.loc.gov/catdir/toc/cam029/83015349.html">http://www.loc.gov/catdir/toc/cam029/83015349.html</a>
995 ## - RECOMMENDATION 995 [LOCAL, UNIMARC FRANCE]
-- 0.00
-- CBU-MAIN LIBRARY (Kitwe)
-- 1
-- 7.95
-- 1
-- AVAILABLE
-- Annex Low-Usage Collection
Holdings
Withdrawn status Lost status Source of classification or shelving scheme Damaged status Not for loan Home library Current library Shelving location Date acquired Total Checkouts Full call number Barcode Date last seen Price effective from Koha item type
          CBU-MAIN LIBRARY, KITWE. CBU-MAIN LIBRARY, KITWE.   11/30/2022   PE 1011 Bro 010462 11/30/2022 11/30/2022 MONOGRAPH